| 000 | 00420nam a2200157 a 4500 | ||
|---|---|---|---|
| 005 | 20140412111236.0 | ||
| 008 | 001111s19uu xx 00 eng d | ||
| 020 | _a0-590-30047-4 | ||
| 050 |
_aTR(GS 411 _bT14 1979 |
||
| 100 | _aTallon, Robert | ||
| 245 |
_aZoophabets / _cRobert Tallon. |
||
| 260 |
_aNew York : _bScholastic Book Serv, _c1979. |
||
| 300 | _a1 v. (unp.) ; ill. | ||
| 650 | _aAlphabet | ||
| 999 |
_c102447 _d102447 |
||